000 01364cam a22002891 4500
001 sd 67000004
003 DLC
005 20260227112737.0
008 791012s1966 dcuac 100 0 eng c
010 _asd 67000004
040 _aU.S. Department of State. Library.
_cDLC
_dDLC
043 _an-us---
050 0 0 _aE184.A1
_bS55 1966
082 0 0 _a301.45/1/0973
111 2 _aSeminar on Civil Rights and Race Relations,
_cWashington,
_d1966.
245 1 0 _aCivil rights and race relations.
_c[Participants]: Elliott P. Skinner, Thurgood Marshall [and] Robert J. Fox.
260 _a[Washington,
_bOffice of Equal Opportunity; for sale by the Supt. of Docs., U.S. Govt. Print. Off.,
_c1966]
300 _a40 p.
_billus., ports.
_c23 cm.
490 1 _aDept. of State. Publication 8157. Department and Foreign Service series, 135
500 _a"Prepared under the auspices of the U.S. Department of State's Equal Employment Opportunity Program, Office of the Deputy Under Secretary for Administration."
651 0 _aUnited States
_xRace relations
_vCongresses.
650 0 _aAfrican Americans
_xCivil rights
_vCongresses.
700 1 _aSkinner, Elliott P.
_q(Elliott Percival),
_d1924-2007.
700 1 _aMarshall, Thurgood,
_d1908-1993.
700 1 _aFox, Robert J.
810 1 _aUnited States.
_bDepartment of State.
_tDepartment and Foreign Service series,
_v135.
999 _c90111
_d90111